000 00894nam a2200217Ia 4500
008 0000001999 bl a 0000000000por00
090 _aPUS00 B12d
100 1 _aBaechler, Donald
_d1956
245 1 0 _aDonald Baechler
_b: new paintings
_c/ fotos Vicente de Mello
300 _a[12] p.
_c/ 19 cm.
500 _aExposición realizada en Thomas Cohn Galería, Sao Paulo, Octubre 26 Noviembre 16, 1999 \ Con el patronazgo del maestro venezolano Jesús Rafael Soto (q.e.p.d.) \ Registro auspiciado por el IDCT. Bogotá
600 0 0 _aBAECHLER, DONALD, 1956/
_xTRABAJOS PICTORICOS
650 1 4 _aARTE CONTEMPORANEO ESTADOUNIDENSE
650 1 4 _xCATALOGOS
650 1 4 _xEXPOSICIONES
650 1 4 _aFLORES EN EL ARTE
650 1 4 _aPINTORES ESTADOUNIDENSES
650 1 4 _aPINTURA ESTADOUNIDENSE
700 1 _aMello, Vicente de
999 _c3241
_d3241
260 _aSao Paulo : Galería Thomas Cohn
_c1999